Automotive tuneup and engine performance / (Record no. 548202)
[ view plain ]
| 000 -LEADER | |
|---|---|
| fixed length control field | 00810cam a2200229 a 4500 |
| 020 ## - INTERNATIONAL STANDARD BOOK NUMBER | |
| International Standard Book Number | 0028018567 (alk. paper) |
| 082 00 - DEWEY DECIMAL CLASSIFICATION NUMBER | |
| Classification number | 629.25 |
| Author Mark | CRO |
| -- | DON |
| 100 1# - MAIN ENTRY--PERSONAL NAME | |
| Personal name | Crouse, William Harry, |
| 9 (RLIN) | 44409 |
| 245 10 - TITLE STATEMENT | |
| Title | Automotive tuneup and engine performance / |
| Statement of responsibility, etc. | William H. Crouse and Donald L. Anglin. |
| 250 ## - EDITION STATEMENT | |
| Edition statement | 3rd ed. |
| 260 ## - PUBLICATION, DISTRIBUTION, ETC. | |
| Place of publication, distribution, etc. | New York : |
| Name of publisher, distributor, etc. | Glencoe/McGraw-Hill, |
| Date of publication, distribution, etc. | c1996. |
| 300 ## - PHYSICAL DESCRIPTION | |
| Extent | vi, 457 p. : |
| Other physical details | ill. ; |
| Dimensions | 28 cm. |
| 500 ## - GENERAL NOTE | |
| General note | Includes index. |
| 500 ## - GENERAL NOTE | |
| General note | Rev. ed. of: Automotive tuneup. 2nd ed. c1983. |
| 526 ## - STUDY PROGRAM INFORMATION NOTE | |
| Program name | 0 |
| Interest level | 0 |
| Reading level | 0 |
| Title point value | 629_250000000000000_CRO |
| 650 #0 - SUBJECT ADDED ENTRY--TOPICAL TERM | |
| Topical term or geographic name entry element | Automobiles |
| General subdivision | Maintenance and repair. |
| 9 (RLIN) | 44349 |
| 650 #0 - SUBJECT ADDED ENTRY--TOPICAL TERM | |
| Topical term or geographic name entry element | Automobiles |
| General subdivision | Motors |
| -- | Maintenance and repair. |
| 9 (RLIN) | 44410 |
| 650 #0 - SUBJECT ADDED ENTRY--TOPICAL TERM | |
| Topical term or geographic name entry element | MCE |
| 9 (RLIN) | 379 |
| 700 1# - ADDED ENTRY--PERSONAL NAME | |
| Personal name | Anglin, Donald L. |
| 9 (RLIN) | 44411 |
| 700 1# - ADDED ENTRY--PERSONAL NAME | |
| Personal name | Crouse, William Harry, |
| 9 (RLIN) | 44409 |
| 942 ## - ADDED ENTRY ELEMENTS (KOHA) | |
| Source of classification or shelving scheme | |
| Koha item type | Book |
| Withdrawn status | Lost status | Source of classification or shelving scheme | Damaged status | Not for loan | Permanent Location | Current Location | Date acquired | Total Checkouts | Full call number | Barcode | Date last seen | Price effective from | Koha item type |
|---|---|---|---|---|---|---|---|---|---|---|---|---|---|
| Military College of Engineering (MCE) | Military College of Engineering (MCE) | 08/25/2014 | 629.25 CRO | MCE-44829 | 08/25/2014 | 08/25/2014 | Book |
